000 00651nam a2200241 i 4500
001 C2-0100975
003 PPAK
005 20180727095450.0
008 970531s1991 at a|||| ||||| | eng d
020 _a004442244X
040 _aPPAK
_beng
_cPPAK
_erda
082 0 4 _a332.1092
_223
090 0 0 _a332.1092
_bSIN
_dG
100 1 _aSingh, Supriya,
_eauthor
245 1 4 _aThe bankers
264 1 _aNorth Sydney :
_bAllen and Unwin ,
_c1991
300 _axi, 225 pages :
_billustrations ;
_c22 cm
336 _2rdacontent
_atext
337 _2rdamedia
_aunmediated
338 _2rdacarrier
_avolume
650 1 0 _aBankers - Australia
942 _ddc
_cB
999 _c23027
_d23027